Turisták Szibériából
Elmentve itt :
| Dokumentumtípus: | Cikk |
|---|---|
| Megjelent: |
1964-06-05
|
| Sorozat: | Délmagyarország
54 No. 130 |
| Kulcsszavak: | Baráti látogatás magyar-szovjet 1964, idegenforgalom |
| Online Access: | http://dmarchiv.bibl.u-szeged.hu/70607 |
| LEADER | 00435nab a2200145 i 4500 | ||
|---|---|---|---|
| 001 | delm70607 | ||
| 005 | 20180927153745.0 | ||
| 008 | 180927s1964 hu o 0|| hun d | ||
| 040 | |a SZTE Délmagyarország Archívum |b hun | ||
| 041 | |a hun | ||
| 245 | 0 | 0 | |a Turisták Szibériából |h [elektronikus dokumentum] |
| 260 | |c 1964-06-05 | ||
| 300 | |a 1 | ||
| 490 | 0 | |a Délmagyarország |v 54 No. 130 | |
| 695 | |a Baráti látogatás magyar-szovjet 1964, idegenforgalom | ||